000 00730nam a22001937a 4500
003 NUST-PNEC
005 20170116180719.0
008 141023b xxu||||| |||| 00| 0 eng d
020 _a8176563331
040 _cPNEC
082 _a621.3815'287 JAN
100 _9791
_aJain, Manish
245 _aUp-to-date World's transistor-diodes thyristors & IC's comparison Tables A............Z : Vol-1
_cManish Jain
260 _aNew Delhi
_bBPB Publications
_c2004
300 _a1146 p. :
_bill. ;
_c22 cm.
500 _ahttp://www.amazon.com/Date-Worlds-Transistor-diodes-Comparison-Tables/dp/8176563331/ref=sr_1_1?s=books&ie=UTF8&qid=1414065209&sr=1-1&keywords=UP-TO-DATE+WORLD%27S+TRANSISTOR+DIODES
650 _xEE
942 _2ddc
_cBK
999 _c61292
_d61292